logo

Bir Sreshtho Munshi Abdur Rouf Library
Jhenaidah Cadet College

The World / (Record no. 4654)

MARC details
000 -LEADER
fixed length control field 00574nam a2200217 a 4500
001 - CONTROL NUMBER
JCCL Control Number 4654
003 - CONTROL NUMBER IDENTIFIER
JCCL marc code BD-JhCC
005 - DATE AND TIME OF LATEST TRANSACTION
control field 20171129171206.0
008 - FIXED-LENGTH DATA ELEMENTS--GENERAL INFORMATION
fixed length control field 171129s19391953ii a|||| ||a| 001 0 eng d
035 ## - SYSTEM CONTROL NUMBER
system control number (BD-JhCC)4654
040 ## - CATALOGING SOURCE
Original cataloging agency BD-JhCC
Modifying agency BD-JhCC
041 ## - LANGUAGE CODE
Language code of Book eng
082 ## - DEWEY DECIMAL CLASSIFICATION NUMBER
Classification number 910
Author mark and Year STE 1939
100 ## - MAIN ENTRY--PERSONAL NAME
Personal name Stembridge, Jasper H.
245 ## - TITLE STATEMENT
Title The World /
Statement of responsibility, etc Jasper H. Stembridge
Remainder of title A General Regional Geography
260 ## - PUBLICATION, DISTRIBUTION, ETC. (IMPRINT)
Place of publication, distribution, etc Delhi :
Name of publisher, distributor, etc Oxford University Press,
Date of publication, distribution, etc 1939.
300 ## - PHYSICAL DESCRIPTION
Pagination 530 p. :
Dimensions 18 cm.
Other physical details illu;
650 ## - SUBJECT ADDED ENTRY--TOPICAL TERM
Topical term or geographic name as entry element Geopraphy
942 ## - ADDED ENTRY ELEMENTS (KOHA)
Source of classification or shelving scheme Dewey Decimal Classification
Koha item type Books
Holdings
Source of classification or shelving scheme Damaged status Not for loan Home library Current library Shelving location Date of accession Total Checkouts Full call number Barcode Date last seen Copy number Koha item type
Dewey Decimal Classification     JCC Rouf Library JCC Rouf Library General Stacks 11/29/2017   910 STE 1939 6537 11/29/2017 C-1 Books

JCC Library | Contacts | JCC Home

Last Update on 23 September 2017
Copyright @ 2017-2020 JCC Rouf Library
Rouf Library, Jhenidah Cadet College (JCC), Bangladesh